[Event "It"]
[Site "masterchessopen.com Mar del Plata (Argentina)"]
[Round "0"]
[White "Letelier Rene (CHI)"]
[Black "Carvalho Flavio"]
[Result "1-0"]
[WhiteElo "2151"]
[BlackElo "2260"]

1.d4 Nf6 2.c4 e6 3.Nc3 Bb4 4.e3 c5 5.Bd3 Nc6 6.Ne2 d5 7.a3 cxd4 8.exd4 dxc4
9.Bxc4 Be7 10.O-O O-O 11.Qd3 b6 12.Rd1 Bb7 13.Bg5 Nd5 14.Bd2 Bg5 15.Nxd5 exd5
16.Ba2 Bf6 17.Rac1 Re8 18.Be3 Ne7 19.Ng3 g6 20.Qb3 Nc8 21.Bf4 Nd6 22.Qf3 Ne4
23.Nxe4 Rxe4 24.Rc7 Re7 25.Rxb7 Rxb7 26.Bxd5 Rab8 27.Bxb7 Rxb7 28.Qxb7 {#r}
1-0

[Event "Ch Hungary"]
[Site "masterchessopen.com Budapest (Hungary)"]
[Round "0"]
[White "Farago Ivan (HUN)"]
[Black "Csom Istvan (HUN)"]
[Result "0-1"]
[WhiteElo "2488"]
[BlackElo "2426"]

1.d4 Nf6 2.c4 e6 3.Nc3 Bb4 4.e3 c5 5.Bd3 Nc6 6.Nf3 d6 7.O-O Bxc3 8.bxc3 e5
9.e4 cxd4 10.cxd4 Bg4 11.d5 Nd4 12.Qa4+ Bd7 13.Qb4 Nxf3+ 14.gxf3 Bh3 15.Re1
O-O 16.f4 Nh5 17.fxe5 dxe5 18.Qc3 Qh4 19.Be2 f5 20.Bf3 fxe4 21.Rxe4 Qf6 22.Re3
Qg6+ {#R} 0-1

[Event "Match \"]
[Site "masterchessopen.com Sofia (Bulgaria)"]
[Date "1970.11.01"]
[Round "4"]
[White "Farago Ivan (HUN)"]
[Black "Kolarov Atanas S (BUL)"]
[Result "0-1"]
[WhiteElo "2488"]
[BlackElo "2415"]

1.d4 Nf6 2.c4 e6 3.Nc3 Bb4 4.e3 c5 5.Bd3 Nc6 6.Nf3 Bxc3+ 7.bxc3 d6 8.e4 e5
9.d5 Ne7 10.O-O h6 11.Ne1 g5 12.g3 Bh3 13.Ng2 Rg8 14.Rb1 Qd7 15.Rb2 O-O-O
16.f3 h5 17.Be3 Kb8 18.Qb3 Ka8 19.Rfb1 Bxg2 20.Kxg2 Rb8 21.Qa3 h4 22.Rb5 Nc8
23.Qa6 hxg3 24.hxg3 Rh8 25.Bf1 g4 26.Bxc5 gxf3+ 27.Kg1 Qg4 28.Bf2 Qh5 29.Bxa7
Qh2# 0-1

[Event "Ch URS (1/2 final)"]
[Site "masterchessopen.com Perm (Russia)"]
[Round "0"]
[White "Grigorian Karen (RUS)"]
[Black "Romanishin Oleg M (UKR)"]
[Result "1-0"]
[WhiteElo "2430"]
[BlackElo "2537"]

1.d4 Nf6 2.c4 e6 3.Nc3 Bb4 4.e3 c5 5.Bd3 Nc6 6.Nf3 Bxc3+ 7.bxc3 d6 8.O-O e5
9.Qc2 O-O 10.d5 Ne7 11.Ne1 Re8 12.e4 Ng6 13.g3 Bh3 14.Ng2 Qc8 15.f3 Kh8 16.Rf2
Ng8 17.Bd2 N8e7 18.Ne3 Bd7 19.a4 Rf8 20.h4 f5 21.h5 f4 22.hxg6 fxe3 23.Bxe3
Nxg6 24.Qe2 Qe8 25.Bc2 Qe7 26.Rh2 Rf7 27.f4 exf4 28.e5 Bf5 29.e6 Bxc2 30.Qxc2
fxg3 31.Rh5 Rf6 32.Bg5 Raf8 33.Qxg6 {#r} 1-0

[Event "Olympiad"]
[Site "masterchessopen.com Skopje (Macedonia)"]
[Round "14"]
[White "Donner Jan-Hein (NED)"]
[Black "Portisch Lajos (HUN)"]
[Result "0-1"]
[WhiteElo "2470"]
[BlackElo "2640"]

1.d4 Nf6 2.c4 e6 3.Nc3 Bb4 4.e3 c5 5.Bd3 Nc6 6.Nf3 Bxc3+ 7.bxc3 d6 8.e4 e5
9.d5 Ne7 10.Nh4 h6 11.f3 Qa5 12.Qc2 g5 13.Nf5 Nxf5 14.exf5 Bd7 15.h4 g4
16.fxg4 Nxg4 17.Be2 Rg8 18.Bxg4 Rxg4 19.Bxh6 Bxf5 20.Qxf5 Qxc3+ 21.Kf2 Qb2+
22.Ke3 Rxg2 {#R} 0-1

[Event "Tournament (team)"]
[Site "masterchessopen.com Villa Gesell (Argentina)"]
[Round "3"]
[White "Fernandez Ignacio (ARG)"]
[Black "Panno Oscar (ARG)"]
[Result "0-1"]
[WhiteElo "2265"]
[BlackElo "2570"]

1.d4 Nf6 2.c4 e6 3.Nc3 Bb4 4.e3 c5 5.Bd3 b6 6.Nf3 Bb7 7.O-O Bxc3 8.bxc3 Be4
9.a4 Nc6 10.Ba3 d6 11.Bxe4 Nxe4 12.Qc2 f5 13.Rfd1 Na5 14.Qd3 Qc7 15.d5 e5
16.Rab1 O-O 17.Ne1 Qe7 18.f3 Ng5 19.e4 fxe4 20.fxe4 Qf6 21.Nc2 Qg6 22.Bc1 Nxe4
23.Re1 Rf2 24.g3 Raf8 25.Rxe4 Rf1+ 26.Kg2 R8f2+ 27.Kh3 Rh1 {#R} 0-1

[Event "corr."]
[Site "masterchessopen.com DDR"]
[Round "0"]
[White "Molzahn Norbert (GER)"]
[Black "Lehmann Erich (GER)"]
[Result "0-1"]
[WhiteElo "2066"]
[BlackElo "2095"]

1.c4 Nf6 2.Nc3 e6 3.d4 Bb4 4.e3 c5 5.Bd3 Nc6 6.Nf3 Bxc3+ 7.bxc3 d6 8.e4 e5
9.d5 Ne7 10.h3 h6 11.Be3 Ng6 12.O-O Nh5 13.Kh2 Nhf4 14.Re1 Nxd3 15.Qxd3 Nh4
16.Nd2 g5 17.Nf1 Qe7 18.Bd2 Bd7 19.g3 Ng6 20.Ne3 O-O-O 21.a4 Kb8 22.a5 Qf6
23.Kg2 h5 24.Nf5 Rdg8 25.Qb1 Ne7 26.Ne3 Bxh3+ {#R} 0-1

[Event "It (open)"]
[Site "masterchessopen.com Bagneux (France)"]
[Round "0"]
[White "Villeneuve Alain (FRA)"]
[Black "Jovanovic Nenad (SRB)"]
[Result "1-0"]
[WhiteElo "2261"]
[BlackElo "2338"]

1.d4 Nf6 2.c4 e6 3.Nc3 Bb4 4.e3 c5 5.Bd3 Nc6 6.Nf3 Bxc3+ 7.bxc3 d6 8.e4 e5
9.d5 Ne7 10.Nh4 h6 11.f4 exf4 12.Bxf4 g5 13.e5 Ng4 14.e6 Nf6 15.Qa4+ Kf8
16.O-O Kg7 17.Bxd6 Qxd6 18.Rxf6 Bxe6 19.Raf1 Rhf8 20.Bb1 Ng8 21.Nf5+ {#r} 1-0

[Event "Ch Romania"]
[Site "masterchessopen.com Bucharest (Romania)"]
[Round "9"]
[White "Voiculescu Paul (ROM)"]
[Black "Illijin Neboisa (ROM)"]
[Result "0-1"]
[WhiteElo "2282"]
[BlackElo "2174"]

1.d4 Nf6 2.c4 e6 3.Nc3 Bb4 4.e3 c5 5.Bd3 Nc6 6.Nf3 Bxc3+ 7.bxc3 d6 8.e4 e5
9.d5 Ne7 10.Nh4 Qa5 11.Bd2 h6 12.f3 g5 13.Nf5 Nxf5 14.exf5 Bd7 15.g4 O-O-O
16.Kf2 Rde8 17.h4 gxh4 18.Rxh4 e4 19.Bxe4 Nxe4+ 20.fxe4 Rxe4 21.Qf3 Rxc4
22.Re1 Qxa2 23.Re2 Qa4 24.Kg3 Qa5 25.Re7 Qd8 26.Qe2 Bb5 27.f6 Rxc3+ {#R} 0-1

[Event "Ch URS (1 liga)"]
[Site "masterchessopen.com Odessa (Ukraine)"]
[Round "0"]
[White "Tukmakov Vladimir B (UKR)"]
[Black "Razuvaev Yuri S (RUS)"]
[Result "0-1"]
[WhiteElo "2570"]
[BlackElo "2540"]

1.d4 Nf6 2.c4 e6 3.Nc3 Bb4 4.e3 c5 5.Bd3 Nc6 6.Nf3 Bxc3+ 7.bxc3 d6 8.Nd2 e5
9.dxc5 dxc5 10.Qc2 Be6 11.e4 Na5 12.Nb3 Bxc4 13.Bxc4 Nxc4 14.Nxc5 O-O 15.O-O
Qc7 16.Nb3 Qc6 17.Re1 h6 18.Nd2 Rac8 19.Nxc4 Qxc4 20.Rb1 b6 21.Ba3 Rfe8 22.Re3
Rcd8 23.h3 Rd7 24.Rb4 Qc6 25.Re2 Red8 26.Bc1 Rd3 27.Rd2 Rxd2 28.Bxd2 a5 29.Rb3
Nxe4 30.Be3 b5 {#R} 0-1

[Event "It (open)"]
[Site "masterchessopen.com Hallsberg (Sweden)"]
[Round "4"]
[White "Bjork Carl-Magnus (SWE)"]
[Black "Bergstrom Christer (SWE)"]
[Result "0-1"]
[WhiteElo "2334"]
[BlackElo "2376"]

1.d4 Nf6 2.c4 e6 3.Nc3 Bb4 4.e3 c5 5.Bd3 Nc6 6.Nf3 Bxc3+ 7.bxc3 d6 8.e4 e5
9.d5 Ne7 10.Nh4 h6 11.f4 Ng6 12.Nxg6 fxg6 13.O-O O-O 14.f5 b5 15.g4 bxc4
16.Bc2 Qa5 17.Qf3 g5 18.Rf2 Bd7 19.Rg2 Rab8 20.h4 Nh7 21.hxg5 Nxg5 22.Bxg5
hxg5 23.Rh2 Rf6 24.Qh1 Qxc3 25.Rh8+ Kf7 26.Qh5+ Ke7 27.Rxb8 Rh6 28.Qxg5+ Kf7
{#R} 0-1

[Event "It"]
[Site "masterchessopen.com Helsinki (Finland)"]
[Round "9"]
[White "Kivipelto Kaj-Erik (FIN)"]
[Black "Raaste Eero J (FIN)"]
[Result "0-1"]
[WhiteElo "2179"]
[BlackElo "2299"]

1.d4 e6 2.c4 Nf6 3.Nc3 Bb4 4.e3 c5 5.Bd3 Nc6 6.Nf3 Bxc3+ 7.bxc3 d6 8.e4 e5
9.d5 Ne7 10.h3 Ng6 11.Bg5 h6 12.Be3 Qa5 13.Qd2 Nh5 14.g3 O-O 15.Ng1 Nhf4
16.gxf4 exf4 17.Ne2 Ne5 18.O-O-O fxe3 19.Qb2 exf2 20.Rhf1 Rb8 21.Rxf2 b5
22.cxb5 c4 23.Bc2 Rxb5 24.Qa1 Qa3+ 25.Kd2 Rb2 26.Rg2 Bxh3 27.Rg3 Bg4 28.Rdg1
h5 29.Nd4 Rfb8 30.Qf1 Rxa2 31.Qf4 Rbb2 32.Qg5 f6 33.Qxh5 Rxc2+ {#R} 0-1

[Event "Cup European Club"]
[Site "masterchessopen.com Montana Grans (Switzerland)"]
[Date "1976.01.13"]
[Round "2"]
[White "Hamann Svend (DEN)"]
[Black "Portisch Lajos (HUN)"]
[Result "0-1"]
[WhiteElo "2298"]
[BlackElo "2625"]

1.d4 Nf6 2.c4 e6 3.Nc3 Bb4 4.e3 c5 5.Bd3 Nc6 6.dxc5 O-O 7.Nf3 Bxc5 8.O-O d5
9.a3 dxc4 10.Bxc4 Qe7 11.e4 Qc7 12.Nb5 Qb8 13.b4 Be7 14.Qe2 a6 15.Nc3 Ng4
16.g3 Nce5 17.Nxe5 Nxe5 18.Ba2 b5 19.Bf4 Bf6 20.Rab1 Bb7 21.Nd1 Rd8 22.f3 Qc7
23.Rc1 Qe7 24.Nf2 Rac8 25.Be3 Qe8 26.Bb6 Rd2 {#R} 0-1

[Event "Cup European Club"]
[Site "masterchessopen.com Montana Grans (Switzerland)"]
[Date "1976.01.15"]
[Round "4"]
[White "Vaisman Volodia (FRA)"]
[Black "Wostin Rik H (BEL)"]
[Result "1-0"]
[WhiteElo "2485"]
[BlackElo "2250"]

1.d4 Nf6 2.c4 e6 3.Nc3 Bb4 4.e3 c5 5.Bd3 Nc6 6.Ne2 d5 7.cxd5 exd5 8.a3 cxd4
9.axb4 dxc3 10.b5 Nb4 11.bxc3 Nxd3+ 12.Qxd3 O-O 13.Ba3 Re8 14.Bc5 Ne4 15.Bd4
Bf5 16.Qd1 Bd7 17.Qb3 Qg5 18.Ng3 a6 19.bxa6 bxa6 20.Qd1 Bb5 21.Qh5 Rac8
22.Qxg5 Nxg5 23.Nf5 Rc6 24.Nxg7 Ne4 25.Nxe8 {#r} 1-0

[Event "It"]
[Site "masterchessopen.com Biel (Switzerland)"]
[Round "9"]
[White "Lombard Andre (SUI)"]
[Black "Panno Oscar (ARG)"]
[Result "0-1"]
[WhiteElo "2350"]
[BlackElo "2550"]

1.d4 Nf6 2.c4 e6 3.Nc3 Bb4 4.e3 c5 5.Bd3 Nc6 6.Nf3 Bxc3+ 7.bxc3 d6 8.e4 e5
9.d5 Ne7 10.Nh4 h6 11.f4 Ng6 12.Nxg6 fxg6 13.O-O O-O 14.f5 gxf5 15.exf5 Bd7
16.Rb1 Rb8 17.Rb2 Qa5 18.Bd2 a6 19.Qb1 b5 20.cxb5 axb5 21.c4 Qc7 22.Rb3 bxc4
23.Bxc4 Ba4 24.Rxb8 Rxb8 25.Qc1 Bb5 26.Rd1 Qd7 27.Bxb5 Rxb5 28.Qc2 Qb7 29.Be1
Rb2 30.Qa4 Kh7 31.Qc6 Qb8 32.Bh4 Rb6 33.Qa4 Rb4 {#R} 0-1

[Event "Ch Poland"]
[Site "masterchessopen.com Piotrkow Trybunalski (Poland)"]
[Date "1977.02.22"]
[Round "9"]
[White "Derlukiewcz Jan (POL)"]
[Black "Dobosz Henryk (POL)"]
[Result "0-1"]
[WhiteElo "2235"]
[BlackElo "2409"]

1.d4 Nf6 2.c4 e6 3.Nc3 Bb4 4.e3 c5 5.Bd3 Nc6 6.Nf3 Bxc3+ 7.bxc3 d6 8.O-O e5
9.d5 Ne7 10.Qc2 O-O 11.Nh4 Re8 12.f4 Ng6 13.Nxg6 hxg6 14.Bd2 Qc7 15.h3 Rb8
16.fxe5 Rxe5 17.Rf3 b5 18.Raf1 bxc4 19.Bxc4 Bf5 20.Qa4 Be4 21.R3f2 Rf8 22.Bc1
Bxd5 23.Bxd5 Nxd5 24.Rf3 Nxc3 25.Qc2 Ne4 26.Bb2 Re6 27.Rf4 Qe7 28.Qa4 Ng3
29.R1f2 Rxe3 {#R} 0-1

[Event "It (cat.13)"]
[Site "masterchessopen.com Wijk aan Zee (Netherlands)"]
[Round "0"]
[White "Portisch Lajos (HUN)"]
[Black "Timman Jan H (NED)"]
[Result "1-0"]
[WhiteElo "2630"]
[BlackElo "2585"]

1.d4 Nf6 2.c4 e6 3.Nc3 Bb4 4.e3 c5 5.Bd3 Nc6 6.Nf3 Bxc3+ 7.bxc3 d6 8.O-O e5
9.Nd2 cxd4 10.cxd4 exd4 11.exd4 Nxd4 12.Re1+ Ne6 13.Ba3 O-O 14.Nb3 Qd7 15.Re3
Qc6 16.Bxd6 Rd8 17.Be5 Nd7 18.Qh5 h6 19.Bb2 Qxg2+ 20.Kxg2 Nf4+ 21.Kg1 Nxh5
22.Rd1 Rf8 23.Ba3 Rd8 24.Bb2 Rf8 25.Ba3 Rd8 26.Bf5 Nhf6 27.Be7 Re8 28.Bxf6
Nxf6 29.Rxe8+ Nxe8 30.Rd8 Kf8 31.Bxc8 {#r} 1-0

[Event "It"]
[Site "masterchessopen.com Malme (Sweden)"]
[Round "3"]
[White "Ornstein Axel (SWE)"]
[Black "Schussler Harry (SWE)"]
[Result "0-1"]
[WhiteElo "2413"]
[BlackElo "2460"]

1.d4 Nf6 2.c4 e6 3.Nc3 Bb4 4.e3 c5 5.Bd3 Nc6 6.Nf3 Bxc3+ 7.bxc3 d6 8.O-O e5
9.Qc2 O-O 10.dxc5 dxc5 11.Ng5 g6 12.f4 exf4 13.exf4 Ne7 14.f5 Bxf5 15.Bxf5
Nxf5 16.Rxf5 gxf5 17.Qxf5 Qd1+ 18.Kf2 Rae8 19.Qxf6 Qe1+ {#R} 0-1

[Event "Memorial Makarczyk"]
[Site "masterchessopen.com Lodz (Poland)"]
[Round "2"]
[White "Farago Ivan (HUN)"]
[Black "Adamski Jan (POL)"]
[Result "1-0"]
[WhiteElo "2505"]
[BlackElo "2410"]

1.d4 Nf6 2.c4 e6 3.Nc3 Bb4 4.e3 c5 5.Bd3 b6 6.Ne2 Bb7 7.O-O cxd4 8.exd4 Be7
9.Re1 O-O 10.d5 Na6 11.Nf4 Re8 12.a3 Nc7 13.d6 Bxd6 14.Bxh7+ Kxh7 15.Qxd6 Rc8
16.b3 Qe7 17.Qd3+ Kg8 18.Bb2 d5 19.cxd5 Ncxd5 20.Ncxd5 Nxd5 21.Qg3 Qf8 22.Nxd5
exd5 23.Bf6 Re6 24.Rxe6 fxe6 25.Bd4 Qf7 26.h4 Bc6 27.Re1 Bd7 28.Re5 Rc1+
29.Kh2 Rd1 30.Qe3 Bb5 31.Rg5 Rd3 32.Qe5 Rxd4 33.Qxd4 Bd7 34.Qe5 {#r} 1-0

[Event "Memorial Makarczyk"]
[Site "masterchessopen.com Lodz (Poland)"]
[Round "6"]
[White "Lukacs Peter (HUN)"]
[Black "Inkiov Ventzislav (BUL)"]
[Result "1-0"]
[WhiteElo "2405"]
[BlackElo "2435"]

1.d4 Nf6 2.c4 e6 3.Nc3 Bb4 4.e3 c5 5.Bd3 Nc6 6.Nf3 Bxc3+ 7.bxc3 d6 8.O-O e5
9.Nd2 O-O 10.d5 Ne7 11.f3 Bf5 12.e4 Bd7 13.Qc2 a6 14.a4 b6 15.Rf2 Ne8 16.g3
Ng6 17.Kh1 Nc7 18.f4 exf4 19.gxf4 b5 20.axb5 axb5 21.Rxa8 Qxa8 22.cxb5 Nxb5
23.Nc4 f5 24.Nb6 Qd8 25.Nxd7 Qxd7 26.Qa4 Rb8 27.Rb2 fxe4 28.Bxb5 Qh3 29.Qxe4
Qxc3 30.Qe6+ Kh8 31.Bf1 Qf3+ 32.Kg1 Rd8 33.Rf2 Qd1 34.Bb2 {#r} 1-0

[Event "Olympiad"]
[Site "masterchessopen.com Malta"]
[Round "0"]
[White "Sande Oystein (NOR)"]
[Black "Csom Istvan (HUN)"]
[Result "0-1"]
[WhiteElo "2340"]
[BlackElo "2510"]

1.d4 Nf6 2.c4 e6 3.Nc3 Bb4 4.e3 c5 5.Bd3 Nc6 6.Nf3 Bxc3+ 7.bxc3 d6 8.O-O e5
9.Qc2 O-O 10.Ng5 h6 11.Ne4 b6 12.Nxf6+ Qxf6 13.Be4 Bb7 14.dxc5 dxc5 15.Bd5
Rad8 16.e4 Na5 17.f4 exf4 18.Bxf4 Qg6 19.Qd3 Ba6 20.Qe2 Rfe8 21.Rad1 Rxd5
22.Rxd5 Bxc4 23.Qf3 Bxf1 24.Kxf1 Qxe4 25.Qxe4 Rxe4 26.Rd8+ Kh7 27.Bg3 Ra4
28.Rd7 Nc4 29.Rxf7 Rxa2 30.Re7 a5 {#R} 0-1

[Event "It (open)"]
[Site "masterchessopen.com Caorle (Italy)"]
[Round "5"]
[White "Danner Georg (AUT)"]
[Black "Cebalo Miso (CRO)"]
[Result "0-1"]
[WhiteElo "2410"]
[BlackElo "2500"]

1.d4 Nf6 2.c4 e6 3.Nc3 Bb4 4.e3 c5 5.Bd3 Nc6 6.Nf3 Bxc3+ 7.bxc3 d6 8.e4 e5
9.d5 Ne7 10.Rb1 Ng6 11.g3 b6 12.Nd2 Bh3 13.Qe2 O-O 14.Nf1 Qd7 15.Ne3 Rae8
16.Bc2 Nf4 17.gxf4 exf4 18.f3 fxe3 19.Rg1 Nh5 20.Qxe3 f5 21.Qh6 fxe4 22.Qxh5
exf3+ 23.Kd1 Bf5 24.Bxf5 Rxf5 25.Qh4 f2 26.Rf1 Qa4+ 27.Kd2 Rxd5+ {#R} 0-1

[Event "It (open)"]
[Site "masterchessopen.com Caorle (Italy)"]
[Round "6"]
[White "Zoebisch Herbert (AUT)"]
[Black "Ubezio Marco (ITA)"]
[Result "1-0"]
[WhiteElo "2149"]
[BlackElo "2134"]

1.d4 Nf6 2.c4 e6 3.Nc3 Bb4 4.e3 c5 5.Bd3 Nc6 6.Nf3 Bxc3+ 7.bxc3 d6 8.Nd2 e5
9.Nb3 e4 10.Bb1 b6 11.Nd2 Qe7 12.Qc2 Bf5 13.Qa4 Qd7 14.f3 O-O-O 15.fxe4 Bg6
16.O-O Rhe8 17.e5 Nxe5 18.Qa6+ {#r} 1-0

[Event "It (open)"]
[Site "masterchessopen.com Caorle (Italy)"]
[Round "1"]
[White "Zoebisch Herbert (AUT)"]
[Black "Vujovic Milorad (SRB)"]
[Result "0-1"]
[WhiteElo "2149"]
[BlackElo "2277"]

1.d4 Nf6 2.c4 e6 3.Nc3 Bb4 4.e3 c5 5.Bd3 Bxc3+ 6.bxc3 Nc6 7.Ne2 d6 8.f3 b6
9.d5 e5 10.e4 Na5 11.Bg5 h6 12.Be3 Ba6 13.Ng3 Qd7 14.Qe2 Qa4 15.Nf5 O-O-O
16.Nxg7 Bxc4 17.Nf5 Kc7 18.Bxc4 Nxc4 19.Bxh6 Nh5 20.Bc1 Rdg8 21.g4 Nf4 22.Bxf4
exf4 23.h4 Ne5 24.Kf2 b5 25.Rab1 a6 26.h5 Rxg4 27.fxg4 f3 28.Qd2 Qxe4 29.Ne3
Re8 30.Kg3 f5 31.gxf5 Rg8+ 32.Kf2 Nc4 {#R} 0-1

[Event "It (open)"]
[Site "masterchessopen.com Manchester (England)"]
[Date "1981.09.12"]
[Round "9"]
[White "Flear Glenn C (ENG)"]
[Black "Andruet Gilles (FRA)"]
[Result "1-0"]
[WhiteElo "2471"]
[BlackElo "2370"]

1.d4 Nf6 2.c4 e6 3.Nc3 Bb4 4.e3 c5 5.Bd3 Nc6 6.Nf3 Bxc3+ 7.bxc3 d6 8.O-O e5
9.Ng5 h6 10.Ne4 Nxe4 11.Bxe4 Qe7 12.Ba3 O-O 13.Qb1 cxd4 14.cxd4 exd4 15.exd4
Nxd4 16.Qd3 Qf6 17.Rab1 Bf5 18.f3 Rfd8 19.Rbd1 d5 20.cxd5 Rxd5 21.Bxf5 {#r}
1-0

[Event "It"]
[Site "masterchessopen.com Budapest (Hungary)"]
[Round "0"]
[White "Petran Pal (HUN)"]
[Black "Burger Karl (USA)"]
[Result "1-0"]
[WhiteElo "2384"]
[BlackElo "2385"]

1.d4 Nf6 2.c4 e6 3.Nc3 Bb4 4.e3 c5 5.Bd3 Nc6 6.Ne2 cxd4 7.exd4 d5 8.O-O Bxc3
9.bxc3 dxc4 10.Bxc4 O-O 11.Bg5 b6 12.Bd3 Bb7 13.Qd2 Ne7 14.Bxf6 gxf6 15.Qh6
Nf5 16.Bxf5 exf5 17.Nf4 Kh8 18.Rfe1 Rg8 19.Re3 Qd6 20.Rae1 Bxg2 21.Nxg2 f4
22.Rh3 Rg7 23.Kf1 Qc6 24.Nxf4 Qh1+ 25.Ke2 Re8+ 26.Re3 Rxe3+ 27.fxe3 Qe4
28.Qxf6 Qc2+ 29.Kf3 Qxh2 30.Re2 Qh1+ 31.Rg2 {#r} 1-0

[Event "Cup Riga"]
[Site "masterchessopen.com Riga (Latvia)"]
[Round "0"]
[White "Cherepkov Alexander V (RUS)"]
[Black "Karner Hillar (EST)"]
[Result "1-0"]
[WhiteElo "2395"]
[BlackElo "2251"]

1.d4 Nf6 2.c4 e6 3.Nc3 Bb4 4.e3 c5 5.Bd3 Nc6 6.Nf3 Bxc3+ 7.bxc3 d6 8.O-O b6
9.d5 Na5 10.e4 e5 11.Nd2 Qd7 12.f4 Ng4 13.Nf3 exf4 14.Bxf4 f6 15.h3 g5 16.Bd2
h5 17.e5 dxe5 18.hxg4 Qxg4 19.Qe1 {#r} 1-0

[Event "It \"]
[Site "masterchessopen.com Wijk aan Zee (Netherlands)"]
[Round "4"]
[White "Scheeren Peter (NED)"]
[Black "Kindermann Stefan (AUT)"]
[Result "1-0"]
[WhiteElo "2430"]
[BlackElo "2519"]

1.d4 Nf6 2.c4 e6 3.Nc3 Bb4 4.e3 c5 5.Bd3 Nc6 6.Ne2 Bxc3+ 7.bxc3 d6 8.O-O e5
9.Ng3 O-O 10.f4 Qe7 11.fxe5 dxe5 12.Qc2 Re8 13.Qf2 Rf8 14.Ba3 b6 15.Qf3 Bd7
16.dxc5 Rad8 17.Ne4 Nxe4 18.Bxe4 Na5 19.Bb4 Qg5 20.cxb6 axb6 21.Bxf8 Rxf8
22.Bd5 Qe7 23.Rab1 {#r} 1-0

[Event "Ch Asturias (team)"]
[Site "masterchessopen.com Asturias (Spain)"]
[Round "0"]
[White "Corral Blanco Juan Antonio (ESP)"]
[Black "Llames Prado Raimundo (ESP)"]
[Result "1-0"]
[WhiteElo "2436"]
[BlackElo "2085"]

1.d4 Nf6 2.c4 e6 3.Nc3 Bb4 4.e3 c5 5.Bd3 Nc6 6.Nf3 Bxc3+ 7.bxc3 d6 8.e4 e5
9.d5 Ne7 10.Nh4 h6 11.f4 exf4 12.Bxf4 Ng6 13.Nxg6 fxg6 14.e5 dxe5 15.Bxg6+ Kf8
16.Bxe5 Qe7 17.Qe2 Bg4 18.Qe3 h5 19.O-O Rh6 20.Rxf6+ {#r} 1-0

[Event "corr."]
[Site "masterchessopen.com BRD"]
[Round "0"]
[White "Bauer Peter (HUN)"]
[Black "Schuchardt Guenter (GER)"]
[Result "0-1"]
[WhiteElo "1949"]
[BlackElo "2044"]

1.d4 Nf6 2.c4 e6 3.Nc3 Bb4 4.e3 c5 5.Bd3 Nc6 6.Nf3 Bxc3+ 7.bxc3 d6 8.O-O h6
9.e4 e5 10.d5 Ne7 11.Nh4 g5 12.Qf3 Ng6 13.Nxg6 fxg6 14.Qe2 Nh5 15.g3 Bh3
16.Re1 Qf6 17.g4 Nf4 18.Bxf4 Qxf4 {#R} 0-1

[Event "It (open)"]
[Site "masterchessopen.com Gausdal (Norway)"]
[Round "1"]
[White "Heiberg T"]
[Black "Agdestein Simen (NOR)"]
[Result "0-1"]
[WhiteElo "2205"]
[BlackElo "2400"]

1.d4 Nf6 2.c4 e6 3.Nc3 Bb4 4.e3 c5 5.Bd3 Nc6 6.Nf3 Bxc3+ 7.bxc3 d6 8.Qc2 e5
9.dxc5 dxc5 10.O-O O-O 11.Ng5 h6 12.Ne4 b6 13.Nxf6+ Qxf6 14.Bh7+ Kh8 15.Be4
Rb8 16.Bd5 Ba6 17.e4 Na5 18.Qa4 Qd8 19.Rb1 Qe8 20.Qa3 Bxc4 21.Bxc4 Nxc4 22.Qa6
Qe6 23.f4 exf4 24.Bxf4 Rbd8 25.Rbe1 Rd7 26.e5 Rfd8 27.Re4 Nd2 28.Bxd2 Rxd2
29.Qxa7 Qg6 {#R} 0-1

[Event "Ch Baden-Wuerttemberg"]
[Site "masterchessopen.com Stuttgart (Germany)"]
[Round "1"]
[White "Sieglen Joachim (GER)"]
[Black "Eisele Steffen (GER)"]
[Result "1-0"]
[WhiteElo "2302"]
[BlackElo "2257"]

1.d4 Nf6 2.c4 e6 3.Nc3 Bb4 4.e3 c5 5.Bd3 Nc6 6.Ne2 cxd4 7.exd4 d5 8.O-O O-O
9.a3 Be7 10.c5 a5 11.Bf4 b6 12.Qa4 Bd7 13.Bb5 Qc8 14.cxb6 Qb7 15.Bc7 Bd8
16.Rac1 Nb8 17.Nf4 Bxc7 18.bxc7 Qxc7 19.Ncxd5 Qd6 20.Nxf6+ gxf6 21.Nh5 Bxb5
22.Qxb5 Qxd4 23.Rfd1 Qe5 24.Rc5 {#r} 1-0

[Event "It"]
[Site "masterchessopen.com Trnava (Slovakia)"]
[Round "0"]
[White "Knaak Rainer (GER)"]
[Black "Ornstein Axel (SWE)"]
[Result "1-0"]
[WhiteElo "2490"]
[BlackElo "2450"]

1.d4 Nf6 2.c4 e6 3.Nc3 Bb4 4.e3 c5 5.Bd3 Nc6 6.Ne2 b6 7.O-O Ba6 8.a3 Bxc3
9.Nxc3 cxd4 10.exd4 O-O 11.Bf4 Nxd4 12.Bd6 Re8 13.Bxh7+ Nxh7 14.Qxd4 Qf6
15.Qd3 Rac8 16.b3 Rc6 17.Rac1 e5 18.Rfd1 Qe6 19.Rd2 e4 20.Qd4 e3 21.Qxe3 Qxe3
22.fxe3 Rxe3 23.Bf4 Re7 24.Rcd1 Nf6 25.Bg5 Re5 26.Bxf6 Rxf6 27.Rxd7 b5 28.Nd5
{#r} 1-0

[Event "Ch \"]
[Site "masterchessopen.com Yerevan (Armenia)"]
[Round "4"]
[White "Golubenko Valeri (EST)"]
[Black "Alexeev Anatoly (RUS)"]
[Result "0-1"]
[WhiteElo "2252"]
[BlackElo "2200"]

1.d4 Nf6 2.c4 e6 3.Nc3 Bb4 4.e3 c5 5.Bd3 Nc6 6.Nf3 Bxc3+ 7.bxc3 d6 8.O-O e5
9.Qc2 O-O 10.dxc5 dxc5 11.Ng5 g6 12.Ne4 b6 13.f4 Ne8 14.Ng3 exf4 15.Ne2 fxe3
16.Be4 Bb7 17.Bxe3 Qe7 18.Bh6 Ng7 19.Ng3 Ne5 20.Rae1 Bxe4 21.Nxe4 f5 22.Ng5
Rfe8 23.g4 fxg4 24.Qg2 Rad8 25.Nf7 Nf5 26.Nxe5 Nxh6 27.Nxg4 Qxe1 28.Nxh6+ Kg7
29.Nf5+ Kh8 30.Qb7 Qxc3 {#R} 0-1

[Event "It \"]
[Site "masterchessopen.com Pasadena (USA)"]
[Round "2"]
[White "Ferguson E"]
[Black "McCambridge Vincent (USA)"]
[Result "0-1"]
[WhiteElo "2053"]
[BlackElo "2459"]

1.d4 Nf6 2.c4 e6 3.Nc3 Bb4 4.e3 c5 5.Bd3 Nc6 6.Nf3 Bxc3+ 7.bxc3 d6 8.O-O e5
9.Bc2 O-O 10.h3 h6 11.Ba4 Bd7 12.Bxc6 Bxc6 13.dxe5 Bxf3 14.Qxf3 dxe5 15.Qxb7
Qd3 16.Qb3 Ne4 17.Ba3 Rab8 18.Qd1 Qxc4 19.Qc2 Rfd8 20.Rfd1 Nf6 21.f3 e4 22.Kf2
Rd3 23.Rac1 Rbd8 24.Rxd3 Rxd3 25.Bb2 Nd5 26.Re1 exf3 27.gxf3 Qh4+ {#R} 0-1

[Event "It"]
[Site "masterchessopen.com Leipzig (Germany)"]
[Round "13"]
[White "Knaak Rainer (GER)"]
[Black "Gruenberg Hans-Ulrich (GER)"]
[Result "1-0"]
[WhiteElo "2490"]
[BlackElo "2465"]

1.d4 Nf6 2.c4 e6 3.Nc3 Bb4 4.e3 c5 5.Bd3 Nc6 6.Nf3 Bxc3+ 7.bxc3 d6 8.O-O e5
9.Ng5 O-O 10.f4 exf4 11.Rxf4 h6 12.Rxf6 Qxf6 13.Nh7 Qh4 14.Nxf8 Bg4 15.Qf1
Rxf8 16.Bd2 Bh5 17.Be1 Qe7 18.Bf2 Re8 19.Re1 Qg5 20.Bg3 Rxe3 21.Bh4 {#r} 1-0